|
|
|
|
| LEADER |
00672nab a2200181 i 4500 |
| 001 |
misc27316 |
| 005 |
20191108150528.0 |
| 008 |
170825suuuu hu o 0|| zxx d |
| 040 |
|
|
|a SZTE Miscellanea Repozitórium
|b hun
|
| 041 |
|
|
|a zxx
|
| 100 |
1 |
|
|a Horváth Éva
|
| 245 |
1 |
0 |
|a Histochemical analysis of different enzymes in subtotally hepatectomized rats with carbon tetrachloride cirrhosis
|h [elektronikus dokumentum] :
|b [abstract] /
|c Horváth Éva
|
| 300 |
|
|
|a 1
|
| 490 |
0 |
|
|a Kolligátum
|
| 695 |
|
|
|a Szövettan - tanulmány
|
| 700 |
0 |
1 |
|a Bartók István
|e aut
|
| 700 |
0 |
1 |
|a Domján Gyula
|e aut
|
| 856 |
4 |
0 |
|u http://misc.bibl.u-szeged.hu/27316/1/020_006_001a.pdf
|z Dokumentum-elérés
|